The prediction of future claims a regression credibility approach
Gespeichert in:
| 1. Verfasser: | |
|---|---|
| Weitere Verfasser: | |
| Format: | Buchkapitel |
| Sprache: | Englisch |
| Tags: |
Keine Tags, Fügen Sie das erste Tag hinzu!
|
MARC
| LEADER | 00000naa$a2200000$$$4500 | ||
|---|---|---|---|
| 001 | 0062245 | ||
| 005 | 20240502083149.9 | ||
| 041 | 0 | |a eng | |
| 044 | |a PL | ||
| 245 | 1 | 0 | |a The prediction of future claims |b a regression credibility approach |c Viera Pacáková, Erik Šoltés |
| 100 | 1 | |a Pacáková, Viera | |
| 700 | 1 | |a Šoltés, Erik, 1974- | |